| 000 | 01171nam a2200229Ia 4500 | ||
|---|---|---|---|
| 003 | Ost | ||
| 005 | 20260416102351.0 | ||
| 008 | 260416s9999||||xx |||||||||||||| ||und|| | ||
| 040 | _cfsecg | ||
| 041 | _aara | ||
| 082 | _a332 | ||
| 100 |
_aبن ساعد، عبد الرحمان _eمؤلف |
||
| 245 | 0 |
_aمحاضرات في الإقتصاد النقدي / _c عبد الرحمان بن ساعد |
|
| 260 |
_aالجزائر _bجامعة الجزائر3: كلية العلوم الإقتصادية، العلوم التجارية وعلوم التسيير _c2015 |
||
| 300 |
_a124 ورقة _bايض _c30 سم |
||
| 520 | _aماهية النقود ، النظرية النقدية الكلاسيكية ، النظرية النقدية الكينزية، النظرية النقدية الحديثة ، العرض النقدي ، السياسة النقدية، البنك المركزي | ||
| 653 | _aالاقتصاد المالي | ||
| 653 | _aالبنوك | ||
| 653 | _aالنقود | ||
| 710 |
_aجامعة الجزائر3: كلية العلوم الإقتصادية، العلوم التجارية وعلوم التسيير _eناشر علمي |
||
| 942 | _cHANDOUT | ||
| 999 |
_c40986 _d40986 |
||